Αναπαραγωγή του πληθυσμού : θεωρητικές προσεγγίσεις και εμπειρικές έρευνες /

Bibliographic Details
Main Author: Κυριαζή, Νότα (συγγραφέας)
Format: Book
Language:Greek
Published: Αθήνα : Gutenberg, 1992.
Series:Κοινωνιολογική και ανθρωπολογική βιβλιοθήκη (Gutenberg) 33
Subjects:
LEADER 02040nam a2200349 u 4500
001 10048272
003 upatras
005 20250513114704.0
008 031003s1992 gr 1 gre d
020 |a 9600103623 
040 |a GR-PaULI  |b gre  |c GR-PaULI  |e AACR2 
041 0 |a gre 
082 0 4 |2 23  |a 304.63 
100 1 |a Κυριαζή, Νότα  |e συγγραφέας  |9 12842 
245 1 0 |a Αναπαραγωγή του πληθυσμού :  |b θεωρητικές προσεγγίσεις και εμπειρικές έρευνες /  |c Νότα Κυριαζή. 
260 |a Αθήνα :  |b Gutenberg,  |c 1992. 
300 |a 232 σ. ;  |c 21 εκ. 
490 1 |a Κοινωνιολογική και ανθρωπολογική βιβλιοθήκη ;  |v 33 
504 |a Περιλαμβάνει βιβλιογραφικές παραπομπές και ευρετήρια. 
650 4 |a Δημογραφία  |z Ελλάδα  |9 16755 
650 4 |a Πληθυσμός  |z Ελλάδα  |9 30749 
650 4 |a Γεννήσεις  |9 39801 
830 0 |a Κοινωνιολογική και ανθρωπολογική βιβλιοθήκη (Gutenberg)  |9 168933  |v 33 
852 |a GR-PaULI  |b ΠΑΤΡΑ  |b ΒΚΠ  |b ΒΣ1  |k ΑΣΧΕ  |h 304.63 ΚΥΡ  |m 081081  |p 025000116747  |t 3 
852 |a GR-PaULI  |b ΠΑΤΡΑ  |b ΠΤΔΕ  |k ΑΣΧΕ  |h Σ 304.63 ΚΥΡ  |m 1515α  |p 025000036678  |t 1 
852 |a GR-PaULI  |b ΠΑΤΡΑ  |b ΠΤΔΕ  |k ΑΣΧΕ  |h Σ 304.63 ΚΥΡ  |m 1515β  |p 025000036847  |t 2 
942 |2 ddc  |c BK 
952 |0 0  |1 0  |4 0  |6 304_630000000000000_ΚΥΡ  |7 0  |9 39031  |a LISP  |b LISP  |c BSC  |d 2016-04-24  |i 081081  |l 1  |m 1  |o 304.63 ΚΥΡ  |p 025000116747  |r 2017-01-17 00:00:00  |s 2016-12-14  |t 3  |w 2016-04-24  |y BK15 
952 |0 0  |1 0  |4 0  |6 Σ_304_630000000000000_ΚΥΡ  |7 0  |9 39032  |a PTDE  |b PTDE  |d 2016-04-24  |i 1515α  |l 0  |o Σ 304.63 ΚΥΡ  |p 025000036678  |r 2016-04-24 00:00:00  |t 1  |w 2016-04-24  |y BK15 
952 |0 0  |1 0  |4 0  |6 Σ_304_630000000000000_ΚΥΡ  |7 0  |9 39033  |a PTDE  |b PTDE  |d 2016-04-24  |i 1515β  |l 0  |o Σ 304.63 ΚΥΡ  |p 025000036847  |r 2016-04-24 00:00:00  |t 2  |w 2016-04-24  |y BK15 
998 |c ΤΣΕΝΕ  |d 2003-10 
999 |c 25078  |d 25078